000 00534 a2200169 4500
005 20250429094156.0
020 _a978-0-07-532699-7
082 _a658.151 WIL
100 _aWILLIAMS, J. R.
245 _aFinancial & Managerial Accounting : The Basis for Business Decisions.
250 _a15th Ed
260 _aNew York,
_bMcGraw-Hill,
_c2010.
300 _aXxxii, 1248p.: ill.;
_bIndex
_c28cm.
700 _aHAKA, S. F. & BETTNER, M. S. & CARCELLE, J. V.
856 _yAccess Online Book
_fAccounting
_dwww.mhhe.com
942 _2ddc
_cBKS
999 _c1756
_d1756